[Event "FRA-chT2 0304a"]
[Site "France"]
[Date "2004.03.14"]
[Round "9.2"]
[White "Plassiard, Jean Patrick"]
[Black "Del Rey, Diego"]
[Result "0-1"]
[WhiteElo "2065"]
[BlackElo "2387"]
[PlyCount "51"]
[EventDate "2003.10.??"]
[EventType "team"]
[EventRounds "11"]
[EventCountry "FRA"]
[SourceTitle "EXT 2005"]
[Source "ChessBase"]
[SourceDate "2004.11.15"]
[SourceVersion "1"]
[SourceVersionDate "2004.11.15"]
[SourceQuality "1"]
[WhiteTeam "Eybens"]
[BlackTeam "Condom"]
[WhiteTeamCountry "FRA"]
[BlackTeamCountry "FRA"]

1. e4 c5 2. Nc3 e6 3. f4 a6 4. Nf3 Nc6 5. a4 d5 6. g3 d4 7. Nb1 h5 8. Bc4 h4 9. 0-0 hxg3 10. d3 gxh2+ 11. Kh1 Nf6 12. Ng5 Nh5 13. Qf3 Qc7 14. Rf2 Be7 15. Rxh2 Bxg5 16. Rxh5 Rxh5+ 17. Qxh5 Bxf4 18. Qh8+ Ke7 19. Qh4+ g5 20. Bxf4 Qxf4 21. Qxf4 gxf4 22. Nd2 Bd7 23. Nf3 Rg8 24. Rg1 Rxg1+ 25. Kxg1 Na5 26. b3 0-1

[Event "FRA-chT2 0304a"]
[Site "France"]
[Date "2003.10.12"]
[Round "1.5"]
[White "Adda, Olivier"]
[Black "Plassiard, Jean Patrick"]
[Result "1-0"]
[WhiteElo "2181"]
[BlackElo "2065"]
[PlyCount "33"]
[EventDate "2003.10.??"]
[EventType "team"]
[EventRounds "11"]
[EventCountry "FRA"]
[SourceTitle "EXT 2005"]
[Source "ChessBase"]
[SourceDate "2004.11.15"]
[SourceVersion "1"]
[SourceVersionDate "2004.11.15"]
[SourceQuality "1"]
[WhiteTeam "Grenoble"]
[BlackTeam "Eybens"]
[WhiteTeamCountry "FRA"]
[BlackTeamCountry "FRA"]

1. e4 e6 2. d4 d5 3. Nc3 Bb4 4. exd5 exd5 5. Bd3 c6 6. Nf3 Bd6 7. 0-0 Bg4 8. Qe1+ Ne7 9. Ne5 Bh5 10. f4 f6 11. Qh4 fxe5 12. fxe5 Bf7 13. exd6 Qxd6 14. Bg5 Na6 15. Bxe7 Qxe7 16. Rae1 Be6 17. Rxe6 1-0

[Event "FRA-chT2S 9899"]
[Site "France"]
[Date "1998.10.18"]
[Round "1"]
[White "Benitah, Yohan"]
[Black "Plassiard, Jean Patrick"]
[Result "1-0"]
[WhiteElo "2345"]
[BlackElo "2170"]
[PlyCount "51"]
[EventDate "1998.??.??"]
[EventType "team"]
[EventRounds "9"]
[EventCountry "FRA"]
[SourceTitle "EXT 2002"]
[Source "ChessBase"]
[SourceDate "2001.11.25"]
[SourceVersion "1"]
[SourceVersionDate "2001.11.25"]
[SourceQuality "1"]

1. d4 Nf6 2. c4 g6 3. Nc3 Bg7 4. e4 d6 5. f3 0-0 6. Bg5 h6 7. Be3 c5 8. d5 e6 9. Qd2 exd5 10. cxd5 Nbd7 11. Nh3 a6 12. a4 Kh7 13. Nf2 Rb8 14. Be2 Qc7 15. 0-0 c4 16. Rfc1 Ne5 17. a5 g5 18. Na4 Nh5 19. Nb6 Nf4 20. Bxc4 Qe7 21. Bf1 Rg8 22. Kh1 Nh5 23. Be2 g4 24. fxg4 Bxg4 25. Nxg4 Qh4 26. Qe1 1-0

[Event "FRA-ch op Principal"]
[Site "Le Perreux"]
[Date "1994.??.??"]
[Round "4"]
[White "Weisz, Pierre"]
[Black "Plassiard, Jean Patrick"]
[Result "0-1"]
[WhiteElo "1840"]
[BlackElo "1730"]
[PlyCount "126"]
[EventDate "1994.??.??"]
[EventType "swiss"]
[EventRounds "7"]
[EventCountry "FRA"]
[SourceTitle "EXT 2004"]
[Source "ChessBase"]
[SourceDate "2003.11.25"]
[SourceVersion "1"]
[SourceVersionDate "2003.11.25"]
[SourceQuality "1"]

1. e4 g6 2. d4 c6 3. Bd3 Bg7 4. Nf3 d5 5. e5 Bg4 6. h3 Bxf3 7. Qxf3 e6 8. Be3 Nd7 9. Nd2 Ne7 10. 0-0 0-0 11. Qe2 c5 12. c3 Rc8 13. Rac1 cxd4 14. cxd4 Qb6 15. Nb3 Rxc1 16. Rxc1 Rc8 17. Rxc8+ Nxc8 18. Bd2 a6 19. Ba5 Qc6 20. Bc3 Na7 21. Bd2 Bf8 22. Qg4 Nb6 23. h4 Nc4 24. h5 Qd7 25. hxg6 hxg6 26. Bc1 Nc6 27. Nc5 Bxc5 28. dxc5 N4xe5 29. Qh3 Nxd3 30. Qxd3 Qc7 31. Bg5 Qe5 32. Qd2 d4 33. Qc1 d3 34. Be3 Nd4 35. f4 Ne2+ 36. Kf2 Qh5 37. Qd2 Qh4+ 38. Kf3 Qg3+ 39. Ke4 f5+ 40. Kxd3 Nxf4+ 41. Kc2 Nd5 42. Bg1 Qe5 43. a3 Qe4+ 44. Kc1 Qf4 45. b4 Kf7 46. Kc2 Qxd2+ 47. Kxd2 e5 48. g3 Ke6 49. Kd3 g5 50. Bf2 Nf6 51. Kc4 Ne4 52. Be1 g4 53. a4 f4 54. gxf4 exf4 55. Kd4 Nf6 56. b5 axb5 57. axb5 g3 58. c6 g2 59. Bf2 bxc6 60. bxc6 Ng4 61. Bg1 f3 62. Ke4 f2 63. c7 Kd7 0-1